[Event "Bogota Centro Comercial op 2nd"]
[Site "Bogota"]
[Date "2024.04.14"]
[Round "4"]
[White "Garcia Mendez, Engels Vladimir"]
[Black "Luna Velandia, Juan Sebastian"]
[Result "1/2-1/2"]
[WhiteElo "1984"]
[BlackElo "1803"]
[PlyCount "83"]
[EventDate "2024.04.14"]
[EventType "swiss"]
[EventRounds "7"]
[EventCountry "COL"]
[SourceTitle "CB16_2024"]
[SourceDate "2024.04.17"]
[SourceVersion "1"]
[SourceVersionDate "2024.04.17"]
[SourceQuality "1"]

1. Nc3 g6 2. Nf3 Bg7 3. h4 d5 4. d4 Nf6 5. Bf4 c6 6. e3 Bg4 7. Be2 Bxf3 8. Bxf3 h5 9. Qe2 b5 10. 0-0-0 Nbd7 11. e4 b4 12. exd5 bxc3 13. dxc6 cxb2+ 14. Kb1 0-0 15. cxd7 Qxd7 16. Bxa8 Rxa8 17. Be5 Nd5 18. Rd3 Rc8 19. Rhh3 Qe6 20. Qd2 f6 21. Bh2 Kh7 22. Rb3 Bh6 23. Qd1 Bc1 24. Rhg3 a5 25. Qd3 f5 26. Qd1 a4 27. Ra3 Nb4 28. d5 Qe4 29. Rac3 Rxc3 30. Rxc3 Nxd5 31. Rd3 e6 32. f3 Qc4 33. Rxd5 exd5 34. Qe1 f4 35. Qe7+ Kh6 36. Qf8+ Kh7 37. Qf7+ Kh6 38. Qf8+ Kh7 39. Qf7+ Kh6 40. Bg1 Qf1 41. Qf8+ Kh7 42. Qf7+ 1/2-1/2

[Event "Bogota Centro Comercial op 2nd"]
[Site "Bogota"]
[Date "2024.04.14"]
[Round "7"]
[White "Luna Velandia, Juan Sebastian"]
[Black "Guerra, Alvaro"]
[Result "0-1"]
[WhiteElo "1803"]
[BlackElo "1936"]
[PlyCount "130"]
[EventDate "2024.04.14"]
[EventType "swiss"]
[EventRounds "7"]
[EventCountry "COL"]
[SourceTitle "CB16_2024"]
[SourceDate "2024.04.17"]
[SourceVersion "1"]
[SourceVersionDate "2024.04.17"]
[SourceQuality "1"]

1. e4 c5 2. Nf3 e6 3. d4 cxd4 4. Nxd4 Nc6 5. Nb3 Nf6 6. Bd3 Be7 7. 0-0 0-0 8. a3 Ne5 9. Bf4 Nxd3 10. Qxd3 d6 11. c4 Qb6 12. Rd1 Rd8 13. N1d2 Bd7 14. Be3 Qc7 15. Rac1 b6 16. Nd4 a6 17. b4 Qb7 18. f3 Rac8 19. N2b3 Ba4 20. Rd2 Qb8 21. Ne2 d5 22. cxd5 Rxc1+ 23. Nexc1 exd5 24. Qxa6 b5 25. Qa7 Qxa7 26. Bxa7 dxe4 27. Rxd8+ Bxd8 28. Nc5 Bc2 29. fxe4 Nxe4 30. Nxe4 Bxe4 31. Bd4 Bg5 32. Ne2 Bd3 33. Kf2 f6 34. Nc3 Bd2 35. Nd1 Bf4 36. g3 Bd6 37. Ke3 Bf1 38. Nc3 Kf7 39. Ne4 Bc7 40. Nd2 Bh3 41. Ne4 Ke6 42. Nf2 Bf1 43. Nd3 g5 44. Nc5+ Kf5 45. Kf3 g4+ 46. Ke3 h5 47. a4 bxa4 48. Nxa4 h4 49. Kf2 Ba6 50. Nc3 h3 51. b5 Bb7 52. b6 Bd8 53. Nb5 Ke6 54. Nc3 Kd6 55. Ke3 f5 56. Kf4 Ke6 57. Nb5 Kd5 58. Be3 Ke6 59. Nd4+ Kf6 60. Nxf5 Kg6 61. Nd6 Bf3 62. Bd4 Bg5+ 63. Ke5 Bf6+ 64. Kf4 Bxd4 65. b7 Ba7 0-1

[Event "Calle rapid op"]
[Site "Calle"]
[Date "2024.03.10"]
[Round "4"]
[White "Luna Velandia, Juan Sebastian"]
[Black "Perez Quevedo, Oscar Daniel"]
[Result "1-0"]
[WhiteElo "1831"]
[BlackElo "1608"]
[PlyCount "61"]
[EventDate "2024.03.10"]
[EventType "swiss (rapid)"]
[EventRounds "6"]
[EventCountry "COL"]
[SourceTitle "CB11_2024"]
[SourceDate "2024.03.13"]
[SourceVersion "1"]
[SourceVersionDate "2024.03.13"]
[SourceQuality "1"]

1. e4 e5 2. Nf3 Nc6 3. d4 exd4 4. Bc4 Nf6 5. 0-0 Nxe4 6. Nc3 Nxc3 7. bxc3 d5 8. Bb5 Bd6 9. Re1+ Be6 10. Nxd4 0-0 11. Bxc6 bxc6 12. Rxe6 Bxh2+ 13. Kxh2 fxe6 14. Be3 c5 15. Nb3 Rf5 16. Qg4 Qf6 17. Nxc5 Qe5+ 18. Kg1 Re8 19. Bd4 Rg5 20. Bxe5 Rxg4 21. Rb1 Rc4 22. Nd3 Re7 23. Bd4 Ra4 24. Ne5 h6 25. Rb8+ Kh7 26. Bc5 Re4 27. f4 Rxe5 28. fxe5 Rf7 29. Bxa7 c6 30. Bd4 Rf4 31. Rc8 1-0

[Event "Calle rapid op"]
[Site "Calle"]
[Date "2024.03.10"]
[Round "3"]
[White "Obando Sanchez, Joel"]
[Black "Luna Velandia, Juan Sebastian"]
[Result "0-1"]
[WhiteElo "1489"]
[BlackElo "1831"]
[PlyCount "98"]
[EventDate "2024.03.10"]
[EventType "swiss (rapid)"]
[EventRounds "6"]
[EventCountry "COL"]
[SourceTitle "CB11_2024"]
[SourceDate "2024.03.13"]
[SourceVersion "1"]
[SourceVersionDate "2024.03.13"]
[SourceQuality "1"]

1. e4 c5 2. Nc3 g6 3. Bc4 Bg7 4. Na4 d6 5. c3 a6 6. d4 cxd4 7. cxd4 b5 8. Bxf7+ Kxf7 9. Qf3+ Ke8 10. Nc3 Bb7 11. d5 Nd7 12. Bf4 Ngf6 13. Nh3 h6 14. 0-0 Rf8 15. g3 Ne5 16. Bxe5 dxe5 17. Qe2 Qd7 18. Kg2 Kf7 19. f4 b4 20. fxe5 Qd8 21. exf6 exf6 22. Nd1 Re8 23. Qc4 Rxe4 24. Qd3 Bxd5 25. Kg1 Bb7 26. Qxd8 Rxd8 27. Ndf2 Re2 28. Rae1 Rdd2 29. Rxe2 Rxe2 30. Rb1 f5 31. b3 Bd4 32. Rd1 g5 33. Kf1 Rxa2 34. Rxd4 Bf3 35. Ng1 Bc6 36. Rxb4 Ra1+ 37. Ke2 Bb5+ 38. Ke3 Rxg1 39. Rd4 Re1+ 40. Kd2 Re2+ 41. Kd1 Rxf2 42. Rd7+ Ke6 43. Rc7 Ke5 44. Rc2 Rxc2 45. Kxc2 f4 46. Kd2 Ke4 47. Ke1 Ke3 48. gxf4 gxf4 49. b4 f3 0-1

[Event "COL-chT"]
[Site "Risaralda"]
[Date "2023.11.20"]
[Round "3.3"]
[White "Mena Ardila, Alexander"]
[Black "Luna Velandia, Juan Sebastian"]
[Result "1/2-1/2"]
[WhiteElo "1932"]
[BlackElo "1807"]
[PlyCount "175"]
[EventDate "2023.11.19"]
[EventType "team-swiss"]
[EventRounds "7"]
[EventCountry "COL"]
[SourceTitle "CB49_2023"]
[SourceDate "2023.12.06"]
[SourceVersion "1"]
[SourceVersionDate "2023.12.06"]
[SourceQuality "1"]
[WhiteTeam "Arauca"]
[BlackTeam "Cundinamarca"]
[WhiteTeamCountry "COL"]
[BlackTeamCountry "COL"]

1. e4 c5 2. g3 d6 3. Bg2 Nc6 4. c3 g6 5. d3 Bg7 6. Be3 e5 7. h3 Nge7 8. Ne2 0-0 9. 0-0 Be6 10. Na3 f5 11. f4 Qd7 12. Kh2 b6 13. Qd2 Rac8 14. b3 d5 15. fxe5 dxe4 16. dxe4 Qxd2 17. Bxd2 Nxe5 18. Nf4 Bf7 19. Nb5 Rfd8 20. Rad1 a6 21. Na3 Nd3 22. Nxd3 Rxd3 23. Bg5 Rxd1 24. Rxd1 Re8 25. Rd7 Nc8 26. exf5 gxf5 27. c4 Be6 28. Rd2 Kf7 29. Nc2 Bf6 30. Bf4 b5 31. cxb5 axb5 32. Bc6 Re7 33. Bxb5 Ra7 34. Ne3 Bd4 35. Nc4 Kf6 36. h4 Ne7 37. Bg5+ Kg7 38. Re2 Bxc4 39. Bxc4 Ng6 40. Be6 h6 41. Bf4 Nxf4 42. gxf4 Re7 43. Bc4 Rxe2+ 44. Bxe2 Be3 45. Kg3 Kf6 46. Kf3 Bd2 47. h5 Ke6 48. Bd3 Kf6 49. Bc4 Ke7 50. a4 Kf6 51. Ba6 Ba5 52. Ke3 Bc7 53. Bc8 Bd8 54. Kd3 Bc7 55. Kc4 Bxf4 56. Kxc5 Be3+ 57. Kc6 Bd2 58. Kb5 Ke7 59. Bxf5 Kd8 60. Kc6 Be1 61. Kb6 Bf2+ 62. Kb5 Kc7 63. Be4 Kb8 64. a5 Ka7 65. b4 Be3 66. Kc4 Bd2 67. Kb5 Be1 68. Ka4 Bd2 69. b5 Be3 70. Bd3 Bf2 71. Kb3 Kb7 72. Be4+ Ka7 73. Kc4 Be1 74. b6+ Ka6 75. b7 Ka7 76. Kb5 Bf2 77. Kc6 Kb8 78. a6 Be3 79. Kd7 Bd4 80. Ke6 Be3 81. Kd5 Bf4 82. Kd4 Ka7 83. Bd3 Kb8 84. Bf5 Ka7 85. Bc8 Bb8 86. Ke4 Kxa6 87. Kf5 Ka7 88. Ke4 1/2-1/2

[Event "COL-chT"]
[Site "Risaralda"]
[Date "2023.11.19"]
[Round "1.3"]
[White "Valdeblanquez, Jeiner Jair"]
[Black "Luna Velandia, Juan Sebastian"]
[Result "1-0"]
[WhiteElo "1972"]
[BlackElo "1807"]
[PlyCount "57"]
[EventDate "2023.11.19"]
[EventType "team-swiss"]
[EventRounds "7"]
[EventCountry "COL"]
[SourceTitle "CB49_2023"]
[SourceDate "2023.12.06"]
[SourceVersion "1"]
[SourceVersionDate "2023.12.06"]
[SourceQuality "1"]
[WhiteTeam "La Guajira"]
[BlackTeam "Cundinamarca"]
[WhiteTeamCountry "COL"]
[BlackTeamCountry "COL"]

1. d4 Nf6 2. Nc3 g6 3. e4 d6 4. f4 Bg7 5. e5 Nfd7 6. Nf3 0-0 7. h4 c5 8. h5 cxd4 9. hxg6 hxg6 10. Qxd4 Nc6 11. Qf2 e6 12. Ng5 dxe5 13. Qh4 Nf6 14. Nce4 Re8 15. Nxf6+ Qxf6 16. Qh7+ Kf8 17. Qh3 Qe7 18. fxe5 Nxe5 19. Be2 Bd7 20. Bd2 Rac8 21. Qb3 Nc6 22. Rf1 Nd4 23. Qh3 Nxc2+ 24. Kd1 f5 25. Rc1 Nd4 26. Rxc8 Rxc8 27. Qh7 Nxe2 28. Qxg6 Nd4 29. Bb4 1-0

[Event "Medellin de La Raza op"]
[Site "Medellin"]
[Date "2023.10.16"]
[Round "9"]
[White "Luna Velandia, Juan Sebastian"]
[Black "Rueda Rojas, Richard Alejandro"]
[Result "0-1"]
[WhiteElo "1771"]
[BlackElo "1874"]
[PlyCount "90"]
[EventDate "2023.10.12"]
[EventType "swiss"]
[EventRounds "10"]
[EventCountry "COL"]
[SourceTitle "Mega2024 Update 01"]
[Source "Chessbase"]
[SourceDate "2023.11.12"]
[SourceVersion "1"]
[SourceVersionDate "2023.11.12"]
[SourceQuality "1"]

1. e4 d6 2. d4 Nf6 3. Bd3 c6 4. h3 e5 5. dxe5 dxe5 6. Nf3 Be7 7. 0-0 Nbd7 8. b3 0-0 9. Bb2 Qc7 10. Nbd2 Re8 11. Qe2 Bc5 12. Nc4 b5 13. Ne3 Nf8 14. c4 b4 15. Nc2 Ng6 16. Bc1 Nh5 17. Rd1 Rd8 18. Qe1 a5 19. Be3 Bxe3 20. Qxe3 c5 21. a3 Bb7 22. axb4 axb4 23. Bf1 Nf6 24. Rxd8+ Rxd8 25. Nd2 Qd6 26. Nf3 Bxe4 27. Nce1 Bxf3 28. Nxf3 e4 29. Ne1 Qd4 30. Qxd4 Rxd4 31. Ra8+ Nf8 32. Rc8 N6d7 33. f3 e3 34. Re8 Rd1 35. Rxe3 Ne6 36. Nd3 Rb1 37. Ne1 g6 38. Kf2 Nd4 39. Nd3 Rxb3 40. Re7 Nb6 41. Rc7 Nxc4 42. Nxc5 Rb2+ 43. Kg3 Ne3 44. Bd3 Rxg2+ 45. Kh4 Nxf3# 0-1

[Event "Medellin de La Raza op"]
[Site "Medellin"]
[Date "2023.10.15"]
[Round "8"]
[White "Ruiz Agudelo, Jeronimo"]
[Black "Luna Velandia, Juan Sebastian"]
[Result "1/2-1/2"]
[WhiteElo "1806"]
[BlackElo "1771"]
[PlyCount "57"]
[EventDate "2023.10.12"]
[EventType "swiss"]
[EventRounds "10"]
[EventCountry "COL"]
[SourceTitle "Mega2024 Update 01"]
[Source "Chessbase"]
[SourceDate "2023.11.12"]
[SourceVersion "1"]
[SourceVersionDate "2023.11.12"]
[SourceQuality "1"]

1. e4 c5 2. Nf3 d6 3. d4 cxd4 4. Nxd4 Nf6 5. Nc3 g6 6. Be3 Bg7 7. f3 0-0 8. Qd2 Nc6 9. Bc4 Nd7 10. 0-0-0 Nb6 11. Bb3 Na5 12. Qd3 Bd7 13. g4 Rc8 14. h4 Nbc4 15. Kb1 Nxe3 16. Qxe3 Nxb3 17. axb3 Be6 18. h5 Qa5 19. hxg6 hxg6 20. Qd2 Rfd8 21. Qh2 Rxc3 22. bxc3 Qxc3 23. Qd2 Qc5 24. Qe3 Rc8 25. Rh2 a5 26. Re2 Qb4 27. Qd2 Qc5 28. Qe3 Qb4 29. Qd2 1/2-1/2

[Event "Pereira Fiestas de la Cosecha op"]
[Site "Pereira"]
[Date "2023.08.25"]
[Round "3"]
[White "Munoz Triana, Joseph Steve"]
[Black "Luna Velandia, Juan Sebastian"]
[Result "1-0"]
[WhiteElo "1987"]
[BlackElo "1728"]
[PlyCount "63"]
[EventDate "2023.08.24"]
[EventType "swiss"]
[EventRounds "7"]
[EventCountry "COL"]
[SourceTitle "EXT 2024"]
[Source "ChessBase"]
[SourceDate "2023.10.10"]
[SourceVersion "1"]
[SourceVersionDate "2023.10.10"]
[SourceQuality "1"]

1. e4 c5 2. Nf3 d6 3. Bb5+ Bd7 4. c4 e5 5. Nc3 g6 6. d3 Bg7 7. 0-0 h6 8. Be3 Nf6 9. h3 0-0 10. a3 Nc6 11. Qd2 Kh7 12. Rfb1 Nd4 13. Bxd4 cxd4 14. Ne2 Bxb5 15. cxb5 Qb6 16. a4 Nd7 17. b4 f5 18. Ng3 fxe4 19. dxe4 Rae8 20. Qd3 Nf6 21. a5 Qd8 22. a6 b6 23. Rc1 d5 24. Rc6 dxe4 25. Nxe4 Nd5 26. Rd6 Qa8 27. g3 Ne3 28. Nfg5+ hxg5 29. fxe3 dxe3 30. Nxg5+ Kg8 31. Qc4+ Kh8 32. Qh4+ 1-0

[Event "Fomeque op"]
[Site "Fomeque"]
[Date "2023.08.20"]
[Round "3"]
[White "Malagon Guzman, Juan Daniel"]
[Black "Luna Velandia, Juan Sebastian"]
[Result "1-0"]
[WhiteElo "1559"]
[BlackElo "1728"]
[PlyCount "45"]
[EventDate "2023.08.19"]
[EventType "swiss"]
[EventRounds "6"]
[EventCountry "COL"]
[SourceTitle "EXT 2024"]
[Source "ChessBase"]
[SourceDate "2023.10.10"]
[SourceVersion "1"]
[SourceVersionDate "2023.10.10"]
[SourceQuality "1"]

1. e4 c5 2. c3 g6 3. d4 cxd4 4. cxd4 d5 5. exd5 Nf6 6. Nf3 Bg7 7. Bd3 Nbd7 8. d6 exd6 9. 0-0 0-0 10. Nc3 Nb6 11. Bg5 Be6 12. Re1 Nbd5 13. Qd2 Nxc3 14. bxc3 Qa5 15. Rab1 Rac8 16. Rxb7 Rxc3 17. Rxa7 Qxa7 18. Qxc3 Qxa2 19. Qc7 Qa3 20. Bf1 Nd5 21. Qc1 Qa7 22. Bh6 Rc8 23. Qxc8+ 1-0

[Event "Medellin Flores op 30th"]
[Site "Medellin"]
[Date "2023.08.05"]
[Round "4"]
[White "Luna Velandia, Juan Sebastian"]
[Black "Schnell, Sebastian Narayana"]
[Result "1-0"]
[WhiteElo "1728"]
[BlackElo "1847"]
[PlyCount "101"]
[EventDate "2023.08.03"]
[EventType "swiss"]
[EventRounds "9"]
[EventCountry "COL"]
[SourceTitle "CBM 215 Extra"]
[Source "ChessBase"]
[SourceDate "2023.09.30"]
[SourceVersion "1"]
[SourceVersionDate "2023.09.30"]
[SourceQuality "1"]

1. e4 c6 2. Nf3 d5 3. Nc3 dxe4 4. Nxe4 Nf6 5. Ng3 h5 6. Be2 h4 7. Nf1 h3 8. g3 Bg4 9. Ne3 Bh5 10. Ne5 Bxe2 11. Qxe2 Nbd7 12. Nxd7 Qxd7 13. d3 0-0-0 14. Bd2 e5 15. 0-0-0 b5 16. Kb1 Bc5 17. Ba5 Rde8 18. Qd2 Rh6 19. Rhe1 Nd5 20. Nxd5 Qxd5 21. d4 Bd6 22. dxe5 Rxe5 23. Rxe5 Bxe5 24. Qxd5 cxd5 25. Rxd5 Rd6 26. Rxd6 Bxd6 27. Bd2 Kd7 28. Kc1 Ke6 29. Kd1 Kf5 30. Ke2 g5 31. c3 g4 32. Kd3 a5 33. b3 Be5 34. a4 bxa4 35. bxa4 Bc7 36. Be3 Ke6 37. c4 f5 38. Ke2 Kd7 39. Kd2 Ke7 40. Kc3 Ke6 41. Kd3 Bd6 42. c5 Be7 43. Kd4 Bf6+ 44. Kc4 Be7 45. Bf4 Bd8 46. Bb8 Bg5 47. Bf4 Bd8 48. c6 Bb6 49. Kb5 Bxf2 50. Ka6 Bg1 51. c7 1-0

[Event "Rivera Huila Hernandez Memorial-B"]
[Site "Rivera Huila"]
[Date "2023.07.22"]
[Round "5"]
[White "Luna Velandia, Juan Sebastian"]
[Black "Mena Cordoba, Yamil Octavio"]
[Result "0-1"]
[WhiteElo "1694"]
[BlackElo "1881"]
[PlyCount "112"]
[EventDate "2023.07.20"]
[EventType "swiss"]
[EventRounds "7"]
[EventCountry "COL"]
[SourceTitle "CBM 215 Extra"]
[Source "ChessBase"]
[SourceDate "2023.09.30"]
[SourceVersion "1"]
[SourceVersionDate "2023.09.30"]
[SourceQuality "1"]

1. e4 d5 2. exd5 Nf6 3. Bb5+ Bd7 4. Be2 Nxd5 5. d4 e6 6. c4 Bb4+ 7. Bd2 Bxd2+ 8. Qxd2 Nf6 9. Nc3 Bc6 10. Bf3 0-0 11. Bxc6 Nxc6 12. Nge2 Re8 13. 0-0 Qe7 14. Rad1 Rad8 15. Qe3 Qb4 16. b3 a6 17. Qf3 e5 18. d5 Ne7 19. Nb1 Ng6 20. Qc3 Qe7 21. Nd2 Nh5 22. Qf3 Nhf4 23. Nxf4 Nxf4 24. Rfe1 Rd6 25. Ne4 Rg6 26. Ng3 Qg5 27. Re3 h5 28. h4 Qxh4 29. Rde1 Qg5 30. Re4 Kf8 31. Rxf4 Qxf4 32. Qxh5 Rh6 33. Qd1 f5 34. Qd3 e4 35. Qd4 b6 36. Kf1 Kf7 37. c5 Qe5 38. Qd2 bxc5 39. Qg5 Qxd5 40. Qxf5+ Qxf5 41. Nxf5 Rh1+ 42. Ke2 Rxe1+ 43. Kxe1 g6 44. Ne3 Rd8 45. Ke2 Ke6 46. Nc4 Kd5 47. Ke3 Rh8 48. Nd2 Rh1 49. Kf4 Re1 50. Nc4 Re2 51. f3 g5+ 52. Kf5 e3 53. Kxg5 Rxg2+ 54. Kf4 Kd4 55. Nxe3 Rxa2 56. Nd1 Ra3 0-1

[Event "Rivera Huila Hernandez Memorial-B"]
[Site "Rivera Huila"]
[Date "2023.07.21"]
[Round "3"]
[White "Luna Velandia, Juan Sebastian"]
[Black "Martinez Salgado, Gabriela"]
[Result "1-0"]
[WhiteElo "1694"]
[BlackElo "1295"]
[PlyCount "63"]
[EventDate "2023.07.20"]
[EventType "swiss"]
[EventRounds "7"]
[EventCountry "COL"]
[SourceTitle "CBM 215 Extra"]
[Source "ChessBase"]
[SourceDate "2023.09.30"]
[SourceVersion "1"]
[SourceVersionDate "2023.09.30"]
[SourceQuality "1"]

1. e4 c5 2. Nf3 d6 3. d4 cxd4 4. Nxd4 Nf6 5. Nc3 Nc6 6. f3 e6 7. Be3 Be7 8. Qd2 a6 9. g4 Qc7 10. 0-0-0 Rb8 11. Kb1 Bd7 12. g5 Ng8 13. f4 f6 14. Bh3 Qc8 15. Rhf1 Nxd4 16. Bxd4 Qd8 17. f5 e5 18. Be3 fxg5 19. Nd5 Bf6 20. Bb6 Qc8 21. Nc7+ Kf7 22. Bg4 Ne7 23. Bh5+ g6 24. fxg6+ hxg6 25. Qxg5 Bf5 26. Bxg6+ Nxg6 27. Rxf5 Qd8 28. Nd5 Kg7 29. Rxf6 Qe8 30. Ne7 Rh6 31. Nf5+ Kg8 32. Qxh6 1-0

[Event "COL-ch U18"]
[Site "Bogota"]
[Date "2023.05.12"]
[Round "3"]
[White "Negron Lizarazo, Juan Sebastian"]
[Black "Luna Velandia, Juan Sebastian"]
[Result "0-1"]
[WhiteElo "1587"]
[BlackElo "1473"]
[PlyCount "94"]
[EventDate "2023.05.11"]
[EventType "swiss"]
[EventRounds "7"]
[EventCountry "COL"]
[SourceTitle "CBM 214 Extra"]
[Source "ChessBase"]
[SourceDate "2023.07.31"]
[SourceVersion "1"]
[SourceVersionDate "2023.07.31"]
[SourceQuality "1"]

1. e4 c5 2. Nc3 d6 3. g3 Nf6 4. Bg2 g6 5. d3 Bg7 6. h3 Nc6 7. Be3 Bd7 8. Qd2 a6 9. Bh6 0-0 10. Bxg7 Kxg7 11. f4 e5 12. Nf3 Nh5 13. Ne2 exf4 14. gxf4 f5 15. Qc3+ Kg8 16. 0-0-0 Qe7 17. e5 dxe5 18. fxe5 Be6 19. d4 cxd4 20. Nexd4 Nf4 21. Bf1 Nd5 22. Qd2 Nb6 23. Qc3 Bd5 24. Nxc6 bxc6 25. Bg2 Rab8 26. b3 Qa3+ 27. Kd2 Rbd8 28. Ke2 Qe7 29. Rhe1 Be4 30. Kf2 Nd5 31. Qc4 Kh8 32. a4 Nf4 33. Qc3 Bxf3 34. Qxf3 Qc5+ 35. Kg3 Nxg2 36. Qxg2 Rxd1 37. Rxd1 Qxe5+ 38. Kf2 f4 39. Rd3 Re8 40. Kf3 Qe4+ 41. Kf2 f3 42. Qg1 h5 43. Qd1 Qh4+ 44. Kxf3 Qxh3+ 45. Kf2 Qh2+ 46. Kf3 Rf8+ 47. Ke4 Qf4# 0-1

[Event "COL-chT Blitz"]
[Site "Santander"]
[Date "2022.09.10"]
[Round "6.3"]
[White "Luna Velandia, Juan Sebastian"]
[Black "Gonzalez Delgado, Hugo Andres"]
[Result "0-1"]
[WhiteElo "1531"]
[BlackElo "2006"]
[PlyCount "146"]
[EventDate "2022.09.10"]
[EventType "team-swiss (blitz)"]
[EventRounds "9"]
[EventCountry "COL"]
[SourceTitle "EXT 2023"]
[Source "ChessBase"]
[SourceDate "2022.10.05"]
[SourceVersion "1"]
[SourceVersionDate "2022.10.05"]
[SourceQuality "1"]
[WhiteTeam "Cundinamarca II"]
[BlackTeam "Santander"]
[WhiteTeamCountry "COL"]
[BlackTeamCountry "COL"]

1. e4 e6 2. Nf3 d5 3. Nc3 Nf6 4. exd5 exd5 5. d4 Nc6 6. h3 Bb4 7. Bd3 0-0 8. 0-0 h6 9. Ne2 Bd6 10. Bf4 Nb4 11. Bxd6 Qxd6 12. c3 Nxd3 13. Qxd3 Ne4 14. c4 Bf5 15. c5 Qf6 16. Qb3 c6 17. Ng3 Bc8 18. Rfe1 Ng5 19. Nxg5 Qxg5 20. Re5 Qd2 21. Rd1 Qf4 22. Nh5 Qh4 23. Ng3 Qf4 24. Ne2 Qf6 25. Rd3 Rb8 26. Rf3 Qg6 27. Nf4 Qb1+ 28. Kh2 b6 29. Rg3 Kh8 30. Nh5 g6 31. Qe3 Kh7 32. Nf6+ Kg7 33. Nh5+ Kh7 34. Nf6+ Kg7 35. Ng4 Bxg4 36. Rxg4 bxc5 37. dxc5 Qxb2 38. Re7 Qf6 39. Rxa7 d4 40. Qd3 Rbd8 41. Rg3 Qe5 42. Ra5 Rfe8 43. f3 h5 44. h4 Qe3 45. Ra3 Qxd3 46. Rxd3 Re3 47. f4 Re4 48. Rgf3 Re2 49. Kg3 Rxa2 50. f5 Rc2 51. fxg6 fxg6 52. Rf4 Rxc5 53. Rfxd4 Rcd5 54. Rxd5 cxd5 55. Kf4 Kf6 56. Rd4 Rd7 57. Ra4 Rd6 58. Rd4 Rd8 59. Ra4 Rd6 60. Rd4 Ke6 61. Kg5 Ke5 62. Rd1 d4 63. Re1+ Kd5 64. Kf4 Kc4 65. Ra1 d3 66. Ke3 Re6+ 67. Kd2 Re2+ 68. Kd1 Rxg2 69. Ra4+ Kc3 70. Ra3+ Kd4 71. Ra4+ Ke3 72. Kc1 Rg1+ 73. Kb2 d2 0-1

[Event "COL-ch U12"]
[Site "Cali"]
[Date "2019.06.23"]
[Round "8.5"]
[White "Luna Velandia, Juan Sebastian"]
[Black "Leon Acevedo, Juan Alejandro"]
[Result "0-1"]
[WhiteElo "1486"]
[BlackElo "1896"]
[PlyCount "68"]
[EventDate "2019.06.19"]
[EventType "tourn"]
[EventRounds "9"]
[EventCountry "COL"]
[SourceTitle "CBM 191 Extra"]
[Source "ChessBase"]
[SourceDate "2019.09.30"]
[SourceVersion "1"]
[SourceVersionDate "2019.09.30"]
[SourceQuality "1"]

1. e4 c5 2. Nf3 d6 3. c4 Nf6 4. Nc3 Bg4 5. g3 Nc6 6. Bg2 g6 7. d3 Bg7 8. 0-0 0-0 9. h3 Bxf3 10. Bxf3 Nd4 11. Bg2 Rb8 12. Be3 Nd7 13. Qd2 a6 14. a4 Nb3 15. Qc2 Nxa1 16. Rxa1 e6 17. f4 f5 18. exf5 gxf5 19. Rd1 Bd4 20. Re1 Qf6 21. Kh2 Rf7 22. Nd1 b5 23. Bxd4 cxd4 24. cxb5 axb5 25. b4 d5 26. a5 Nf8 27. Nf2 Qg7 28. Rc1 Rbb7 29. Qb2 Rbc7 30. Rxc7 Rxc7 31. Qa2 Ng6 32. a6 Ra7 33. Nd1 Qc7 34. Nb2 Qc6 0-1

[Event "COL-ch U12"]
[Site "Cali"]
[Date "2019.06.21"]
[Round "4.4"]
[White "Rodriguez Pantoja, Obel"]
[Black "Luna Velandia, Juan Sebastian"]
[Result "1-0"]
[WhiteElo "1621"]
[BlackElo "1486"]
[PlyCount "85"]
[EventDate "2019.06.19"]
[EventType "tourn"]
[EventRounds "9"]
[EventCountry "COL"]
[SourceTitle "CBM 191 Extra"]
[Source "ChessBase"]
[SourceDate "2019.09.30"]
[SourceVersion "1"]
[SourceVersionDate "2019.09.30"]
[SourceQuality "1"]

1. e4 c5 2. Nf3 d6 3. d4 cxd4 4. Nxd4 Nf6 5. Nc3 g6 6. Be3 Bg7 7. f3 0-0 8. Qd2 Nc6 9. 0-0-0 d5 10. Kb1 Nxd4 11. e5 Nxf3 12. gxf3 Ne8 13. Nxd5 Kh8 14. Bc5 Be6 15. Bxe7 Qxd5 16. Qxd5 Bxd5 17. Rxd5 Rg8 18. f4 b6 19. Bg2 Rc8 20. Rhd1 Nc7 21. Rd7 Ne6 22. Bd5 h5 23. Rxa7 Kh7 24. Bxe6 fxe6 25. Rdd7 Rc4 26. Bf6 Rxf4 27. Rxg7+ Rxg7 28. Rxg7+ Kh6 29. b3 Rg4 30. Rg8 g5 31. c4 h4 32. c5 bxc5 33. Rh8+ Kg6 34. Rg8+ Kh6 35. Rxg5 Re4 36. Rg2 h3 37. Rc2 Kh5 38. a4 Re1+ 39. Kb2 Kg4 40. a5 Rd1 41. Be7 Kf3 42. Bxc5 Rd8 43. b4 1-0

[Event "COL-ch U12 sf1"]
[Site "Duitama"]
[Date "2019.04.12"]
[Round "2.2"]
[White "Luna Velandia, Juan Sebastian"]
[Black "Agudelo Zapata, Yarli Alejandra"]
[Result "1-0"]
[WhiteElo "1480"]
[BlackElo "1180"]
[PlyCount "71"]
[EventDate "2019.04.11"]
[EventType "swiss"]
[EventRounds "6"]
[EventCountry "COL"]
[SourceTitle "EXT 2024"]
[Source "ChessBase"]
[SourceDate "2023.10.10"]
[SourceVersion "1"]
[SourceVersionDate "2023.10.10"]
[SourceQuality "1"]

1. e4 c5 2. Nf3 d6 3. d4 cxd4 4. Nxd4 Nf6 5. Nc3 g6 6. Be3 Bg7 7. f3 Nc6 8. Bc4 0-0 9. g4 Nxd4 10. Bxd4 Be6 11. Bxe6 fxe6 12. Qd3 a6 13. h4 e5 14. Bf2 Qe8 15. 0-0-0 Nxg4 16. fxg4 Rxf2 17. Qd5+ Kh8 18. Qxb7 a5 19. g5 a4 20. Qb5 Qc8 21. Qd3 a3 22. b3 Ra5 23. Rd2 Rf8 24. h5 Qe8 25. h6 Bf6 26. gxf6 Rxf6 27. Rf1 Qf8 28. Rxf6 Qxf6 29. Nd5 Qf7 30. Rd1 g5 31. Rf1 Qe8 32. Qf3 Kg8 33. Qg4 Qg6 34. Nxe7+ Kh8 35. Qc8+ Qe8 36. Qxe8# 1-0

[Event "Bogota AlphaZero op"]
[Site "Bogota"]
[Date "2018.08.18"]
[Round "3"]
[White "Luna Velandia, Juan Sebastian"]
[Black "Campos Cruz, Felix Antonio"]
[Result "1-0"]
[WhiteElo "1546"]
[BlackElo "1318"]
[PlyCount "48"]
[EventDate "2018.08.17"]
[EventType "swiss"]
[EventRounds "7"]
[EventCountry "COL"]
[SourceTitle "CBM 186 Extra"]
[Source "ChessBase"]
[SourceDate "2018.08.24"]
[SourceVersion "1"]
[SourceVersionDate "2018.08.24"]
[SourceQuality "1"]

1. e4 d5 2. e5 g6 3. d4 Bg7 4. Nf3 Bg4 5. h3 Bd7 6. Nc3 e6 7. Bf4 Ne7 8. g4 Nbc6 9. Qd2 a6 10. Bh6 0-0 11. Bxg7 Kxg7 12. h4 Ng8 13. h5 h6 14. g5 Nce7 15. gxh6+ Nxh6 16. hxg6 Nef5 17. gxf7 Rxf7 18. Bd3 Qh8 19. Bxf5 Rxf5 20. 0-0-0 Rg8 21. Rdg1+ Kf8 22. Rxg8+ Qxg8 23. Qxh6+ Qg7 24. Qxg7+ Kxg7 1-0